| 000 | 01491nam a2200337Ia 4500 | ||
|---|---|---|---|
| 001 | ebr10074851 | ||
| 003 | CaPaEBR | ||
| 006 | m u | ||
| 007 | cr cn||||||||| | ||
| 008 | 020912s2002 enkh sb 101 0 eng d | ||
| 015 | _aGBA2-U5439 | ||
| 020 | _z9781847790217 | ||
| 020 | _z0719062039 | ||
| 020 | _z0719062047 (pbk.) : | ||
| 040 |
_aCaPaEBR _cCaPaEBR |
||
| 035 | _a(OCoLC)57555447 | ||
| 050 | 1 | 4 |
_aBF1584.G7 _bL35 2002eb |
| 082 | 0 | 4 |
_a133.430942764509032 _221 |
| 245 | 0 | 4 |
_aThe Lancashire witches _h[electronic resource] : _bhistories and stories / _cedited by Robert Poole. |
| 260 |
_aManchester ; _aNew York : _bManchester University Press ; _aNew York : _bDistributed exclusively in the USA by Palgrave, _c2002. |
||
| 300 |
_axiv, 226 p. : _bfacsim. |
||
| 500 | _aEight of the ten essays are from a conference held Apr. 23-24, 1999 at St. Martin's College. | ||
| 504 | _aIncludes bibliographical references (p. 204-218) and index. | ||
| 533 |
_aElectronic reproduction. _bPalo Alto, Calif. : _cebrary, _d2009. _nAvailable via World Wide Web. _nAccess may be limited to ebrary affiliated libraries. |
||
| 650 | 0 |
_aTrials (Witchcraft) _zEngland _zPendle _xHistory _y17th century. |
|
| 650 | 0 |
_aWitchcraft _zEngland _xHistory _y17th century. |
|
| 655 | 7 |
_aElectronic books. _2local |
|
| 700 | 1 | _aPoole, Robert. | |
| 710 | 2 | _aebrary, Inc. | |
| 856 | 4 | 0 |
_uhttp://site.ebrary.com/lib/rucke/Doc?id=10074851 _zAn electronic book accessible through the World Wide Web; click to view |
| 999 |
_c45080 _d45080 |
||